000
00307nam a22001337a 4500
020
_a
08213-50870
082
_2
22
_a
339.31022321
100
_a
NA
245
_a
2002 world bank atlas /
250
_a
3rd
260
_b
Washigton the World Bank,
_c
c 2002.
300
_a
64 p, ;
_b
NA
_c
24 cm.
942
_2
ddc
_c
GEN
999
_c
3895
_d
3895